Africké determinanty súčasnej zahraničnej politiky Francúzska diplomová práca

Na minha lista:
Detalhes bibliográficos
Autor principal: Krupová, Kristína, 1993-
Autor Corporativo: Fakulta medzinárodných vzťahov EU. Katedra medzinárodných politických vzťahov
Outros Autores: Čech, Ľubomír, 1955-
Formato: Livro
Idioma:eslovaco
Publicado em: Bratislava 2018
Tags: Adicionar Tag
Sem tags, seja o primeiro a adicionar uma tag!

MARC

LEADER 00000nbm a2200000 4500
001 0244461
005 20180806120826.3
041 0 |a slo 
044 |a SK 
245 1 0 |a Africké determinanty súčasnej zahraničnej politiky Francúzska  |b diplomová práca  |c Kristína Krupová ; školiteľ: Ľubomír Čech 
264 1 |a Bratislava  |c 2018 
300 |a 97 s. 
100 1 |a Krupová, Kristína, 1993- 
700 1 |a Čech, Ľubomír, 1955- 
710 2 |a Fakulta medzinárodných vzťahov EU. Katedra medzinárodných politických vzťahov